Rules and Syllabus to the Professional Examinations (Record no. 119382)

MARC details
000 -LEADER
fixed length control field 00754cas a22002055a 4500
001 - CONTROL NUMBER
control field L157540
008 - FIXED-LENGTH DATA ELEMENTS--GENERAL INFORMATION
fixed length control field 130115n eng u
035 ## - SYSTEM CONTROL NUMBER
System control number (Sirsi) u157540
041 0# - LANGUAGE CODE
Language code of text/sound track or separate title eng
110 2# - MAIN ENTRY--CORPORATE NAME
Corporate name or jurisdiction name as entry element Royal Institution of Chartered Surveyors
9 (RLIN) 4900
245 00 - TITLE STATEMENT
Title Rules and Syllabus to the Professional Examinations
260 ## - PUBLICATION, DISTRIBUTION, ETC.
Place of publication, distribution, etc. London
Name of publisher, distributor, etc. RICS
Date of publication, distribution, etc. [19-?]-[1997]
362 0# - DATES OF PUBLICATION AND/OR SEQUENTIAL DESIGNATION
Dates of publication and/or sequential designation London: 1929-1997
520 ## - SUMMARY, ETC.
Summary, etc. From c. 1955, separate booklets were published for different practice areas, e.g. quantity surveying, general practice etc.
520 ## - SUMMARY, ETC.
Summary, etc. Some copies of syllabuses are also shelved individually in the RICS publications run.
554 ## -
-- Irregular
651 #4 - SUBJECT ADDED ENTRY--GEOGRAPHIC NAME
Geographic name England and Wales
Chronological subdivision 1543-
690 ## - LOCAL SUBJECT ADDED ENTRY--TOPICAL TERM (OCLC, RLIN)
Topical term or geographic name as entry element Business and management
942 ## - ADDED ENTRY ELEMENTS (KOHA)
Suppress in OPAC 0
Holdings
Withdrawn status Lost status Source of classification or shelving scheme Damaged status Not for loan Home library Current library Shelving location Date acquired Total Checkouts Full call number Barcode Date last seen Price effective from Koha item type
    Dewey Decimal Classification     London London Gallery 15/01/2013   RICS - RULES AND SYLLABUS 157540-1001 06/08/2019 06/08/2019 Journal